Wir sprechen Deutsch
Enregistré dans:
| Auteur principal: | |
|---|---|
| Collectivité auteur: | |
| Autres auteurs: | , , |
| Format: | Livre |
| Langue: | allemand slovaque |
| Publié: |
Bratislava
Ekonóm
2003
|
| Sujets: | |
| Tags: |
Pas de tags, Soyez le premier à ajouter un tag!
|
MARC
| LEADER | 00000nam a2200000 4500 | ||
|---|---|---|---|
| 001 | c144131 | ||
| 005 | 20260327130011.0 | ||
| 020 | |a 80-225-1716-X | ||
| 020 | |a 978-80-225-3181-8 | ||
| 041 | 0 | |a ger | |
| 041 | 0 | |a slo | |
| 044 | |a SK | ||
| 245 | 1 | 0 | |a Wir sprechen Deutsch |c Jana Pospíšilová, Gabriela Hrušková |
| 264 | 1 | |a Bratislava |b Ekonóm |c 2003 | |
| 300 | |a 116 s. | ||
| 610 | 2 | 0 | |a jazyky cudzie |
| 610 | 2 | 0 | |a jazykoveda |
| 610 | 2 | 0 | |a terminológia |
| 100 | 1 | |a Pospíšilová, Jana | |
| 700 | 1 | |a Hrušková, Gabriela | |
| 700 | 1 | |a Krčmová, Darina | |
| 700 | 1 | |a Janíčková, Eva | |
| 710 | 2 | |a Ekonomická univerzita v Bratislave. Ústav jazykov | |